Handbook of ornament; a grammar of art, industrial and architectural designing in all its branches for practical as well as theoretical use (Record no. 237856)

MARC details
000 -LEADER
fixed length control field 00644nam a2200193Ia 4500
008 - FIXED-LENGTH DATA ELEMENTS--GENERAL INFORMATION
fixed length control field 191130s1957##################000#0#eng##
020 ## - INTERNATIONAL STANDARD BOOK NUMBER
ISBN 9780486203027
082 ## - DEWEY DECIMAL CLASSIFICATION NUMBER
Classification number 745.4 MEY
100 ## - MAIN ENTRY--AUTHOR NAME
Personal name Meyer, Franz Sales
245 ## - TITLE STATEMENT
Title Handbook of ornament; a grammar of art, industrial and architectural designing in all its branches for practical as well as theoretical use
250 ## - EDITION STATEMENT
Edition statement Rev. ed
260 ## - PUBLICATION, DISTRIBUTION, ETC. (IMPRINT)
Place of publication Mineola, NY
Name of publisher Dover Publications
Year of publication 1957
300 ## - PHYSICAL DESCRIPTION
Number of Pages xiv, 548 p. illus. 21 cm
650 ## - SUBJECT ADDED ENTRY--TOPICAL TERM
Topical Term Decoration and ornament
991 ## -
-- 320860
Holdings
Withdrawn status Lost status Damaged status Not for loan Home library Current library Shelving location Date acquired Full call number Accession Number Price effective from Koha item type
        Anna Centenary Library Anna Centenary Library 6TH FLOOR, B WING 13.10.2020 745.4 MEY 402546 13.10.2020 English Books
        Anna Centenary Library Anna Centenary Library   13.10.2020 745.4 MEY 402547 13.10.2020 English Books

Find us on the map